00630nam a2200169 i 450000100060000000300090000600500170001500700030003200800410003508000110007610000390008724501940012626000340032030000300035465000170038485200590040132104ES-MaACL20251015063048.0t|030220s1863 fr ||||1| fre d a550.870 aCarríe, Jean-Baptiste, cAbbé10aHydroscopographie et métalloscopographie ou l'art de découvrir les eaux souterraines et les gisements métallifères au moyen de l'électro-magnétisme / cpar M. l'abbé Carrié. aParis : bE. Lacroix, c1863. a250 p. : bil. ; c24 cm. 4aRadiestesia. aES-MaACLjG-6216(2) q. - Encuadernado con otras obras